Information Technology Law And Practice (Record no. 327958)
[ view plain ]
| 000 -LEADER | |
|---|---|
| fixed length control field | 00566nam a2200181Ia 4500 |
| 008 - FIXED-LENGTH DATA ELEMENTS--GENERAL INFORMATION | |
| fixed length control field | 230718s9999 xx 000 0 und d |
| 020 ## - INTERNATIONAL STANDARD BOOK NUMBER | |
| International Standard Book Number | 9789350350003 |
| 041 ## - LANGUAGE CODE | |
| Language code of text/sound track or separate title | eng |
| 082 ## - DEWEY DECIMAL CLASSIFICATION NUMBER | |
| Classification number | 004 |
| Item number | SHA |
| 100 ## - MAIN ENTRY--PERSONAL NAME | |
| Personal name | Sharma V. |
| 9 (RLIN) | 118529 |
| 245 ## - TITLE STATEMENT | |
| Title | Information Technology Law And Practice |
| Remainder of title | Law And Emerging Technology Cyber Law And E-Commerce |
| 250 ## - EDITION STATEMENT | |
| Edition statement | 3rd ed. |
| 260 ## - PUBLICATION, DISTRIBUTION, ETC. (IMPRINT) | |
| Date of publication, distribution, etc. | 2011 |
| Name of publisher, distributor, etc. | Universal Law Publishing |
| 300 ## - PHYSICAL DESCRIPTION | |
| Extent | 566 |
| Accompanying material [OBSOLETE, CAN/MARC] | Ref 65 IT (39165) |
| 365 ## - TRADE PRICE | |
| Currency code | Rs. |
| Price amount | 395.00 |
| 700 ## - ADDED ENTRY--PERSONAL NAME | |
| Personal name | Sharma V. |
| 9 (RLIN) | 118529 |
| 906 ## - LOCAL DATA ELEMENT F, LDF (RLIN) | |
| d | O:0182014-Jun-2011B:250924-May-2011 |
| c | IT |
| b | 59.25 |
| Withdrawn status | Lost status | Source of classification or shelving scheme | Reference No | Damaged status | Not for loan | Home library | Current library | Date acquired | Vendor | Budget Code | Cost, normal purchase price | Bill number | Full call number | Barcode | Date last seen | Discount | Cost, replacement price | Bill Date | Koha item type | Original Barcode |
|---|---|---|---|---|---|---|---|---|---|---|---|---|---|---|---|---|---|---|---|---|
| Dewey Decimal Classification | Ref 65 IT (39165) | Reference | Cummins College of Engineering for Women Pune | Cummins College of Engineering for Women Pune | 29/06/2011 | Om Book Stall | IT | 335.75 | 2509 | 004 | CCEP-BK-39165 | 18/07/2023 | 59.25 | 395.00 | 24/05/2011 | Books | 039165 |